[Event "AUTO-OPEN-2425"]
[Site "http://www.queenalice.com/game.php?id=965314"]
[Date "2011.7.27"]
[Round "1"]
[White "Bar7"]
[Black "spin27"]
[Result "1-0"]
[WhiteElo "2057"]
[BlackElo "1755"]

1. Nf3 g6 2. d4 Nf6 3. Nc3 d5 4. g3 e6 5. Bg2 Bb4 6. Bd2 c5 7. O-O b6 8. a3 Bxc3
9. Bxc3 Ne4 10. Qe1 Nxc3 11. Qxc3 c4 12. b3 b5 13. a4 Bd7 14. Ne5 O-O 15. Nxd7
Nxd7 16. axb5 Qb6 17. bxc4 1-0

[Event "AUTO-OPEN-2425"]
[Site "http://www.queenalice.com/game.php?id=965315"]
[Date "2011.7.27"]
[Round "1"]
[White "spin27"]
[Black "Bar7"]
[Result "0-1"]
[WhiteElo "1759"]
[BlackElo "2053"]

1. e4 e5 2. Bc4 Bc5 3. Qe2 d6 4. Qf3 Nf6 5. d3 h6 6. h3 Nc6 7. Bb5 Bd7 8. Be3
Bxe3 9. Qxe3 Nd4 10. Bxd7+ Qxd7 11. Na3 Qa4 12. O-O-O Nd7 13. Qg3 Rg8 14. Nf3
Ne2+ 0-1

[Event "AUTO-OPEN-2425"]
[Site "http://www.queenalice.com/game.php?id=965316"]
[Date "2011.7.27"]
[Round "1"]
[White "Bar7"]
[Black "markeemark"]
[Result "1-0"]
[WhiteElo "2070"]
[BlackElo "1795"]

1. e4 c5 2. Nc3 g6 3. d3 Nc6 4. Nf3 Bg7 5. Bd2 d6 6. Be2 Bg4 7. h3 Bxf3 8. Bxf3
Ne5 9. Rb1 a6 10. O-O Nf6 11. Bg5 O-O 12. Bxf6 Bxf6 13. Nd5 Rc8 14. Nxf6+ exf6
15. Bg4 Rc7 16. f4 Nxg4 17. Qxg4 Re8 18. f5 d5 19. b3 dxe4 20. fxg6 fxg6 21.
dxe4 Qd4+ 22. Kh1 Rxe4 23. Qg3 Rce7 24. c3 Qe3 25. Rf3 1-0

[Event "AUTO-OPEN-2425"]
[Site "http://www.queenalice.com/game.php?id=965317"]
[Date "2011.7.27"]
[Round "1"]
[White "markeemark"]
[Black "Bar7"]
[Result "0-1"]
[WhiteElo "1832"]
[BlackElo "2061"]

1. e4 e5 2. Nf3 Nc6 3. Bb5 a6 4. Ba4 b5 5. Bb3 h6 6. O-O Nf6 7. Re1 Bc5 8. c3 d6
9. d4 exd4 10. cxd4 Bb4 11. Nc3 O-O 12. a3 Ba5 13. Qd3 Nh7 14. Be3 Bg4 15. Bd1
Ne7 16. b4 Bb6 17. d5 Bxe3 18. Rxe3 Ng6 19. e5 Re8 20. exd6 Rxe3 21. fxe3 Qxd6
22. Be2 Nf6 23. Rd1 Re8 24. h3 Bxf3 0-1

[Event "pancas"]
[Site "http://www.queenalice.com/game.php?id=977555"]
[Date "2011.8.27"]
[Round "1"]
[White "Serrote"]
[Black "Bar7"]
[Result "1-0"]
[WhiteElo "2061"]
[BlackElo "2075"]

1. d4 d5 2. e3 Nf6 3. c4 e6 4. Nc3 Nc6 5. a3 dxc4 6. Bxc4 Be7 7. h3 O-O 8. Nf3
h6 9. O-O Nd5 10. Nxd5 exd5 11. Be2 Bf6 12. Qc2 Ne7 13. Bd2 Re8 14. Bc3 Bf5 15.
Bd3 Bxd3 16. Qxd3 Qd7 17. Rac1 c6 18. Rfe1 Nf5 19. Qc2 Nd6 20. Re2 Ne4 21. Bd2
Nxd2 22. Qxd2 Re6 23. Qc2 Rae8 24. Qc5 a6 25. Qc2 Bd8 26. Qc3 Bc7 27. Rce1 Qd6
28. Qc5 Qd8 29. b4 Bb6 30. Qc2 Rf6 31. Ne5 Qd6 32. Qb2 Bc7 33. Qc3 Rg6 34. Qc5
Qxc5 35. bxc5 Bxe5 36. dxe5 Rxe5 37. Rb1 d4 38. Rxb7 dxe3 39. Rxe3 Rf6 40. Rxe5
1-0

[Event "pancas"]
[Site "http://www.queenalice.com/game.php?id=988867"]
[Date "2011.9.23"]
[Round "2"]
[White "Bar7"]
[Black "luiz_gustavo"]
[Result "1-0"]
[WhiteElo "2064"]
[BlackElo "1700"]

1. e4 e5 2. Nf3 Nc6 3. Bc4 h6 4. Nc3 Nf6 5. d3 Bb4 6. Bd2 d6 7. a3 Bxc3 8. Bxc3
Bg4 9. h3 Bh5 10. Qe2 a6 11. Qe3 O-O 12. Nh2 Ne7 13. O-O b5 14. Ba2 c6 15. Qg3
Ng6 16. Qe3 Nf4 17. Bd2 d5 18. exd5 N6xd5 19. Bxd5 Qxd5 20. Qe4 Qxe4 21. dxe4
Ne2+ 22. Kh1 Rad8 23. Be3 Bg6 24. Rfe1 Nd4 25. Rac1 Bxe4 26. Bxd4 Rxd4 27. c3
Rd2 28. Rxe4 Rfd8 29. Kg1 1-0

[Event "AUTO-OPEN-2425"]
[Site "http://www.queenalice.com/game.php?id=1000657"]
[Date "2011.10.23"]
[Round "2"]
[White "valdiluis"]
[Black "Bar7"]
[Result "0-1"]
[WhiteElo "1960"]
[BlackElo "2062"]

1. e4 e5 2. Nf3 Nc6 3. Bb5 Bc5 4. Bxc6 dxc6 5. Nxe5 Qd4 6. Nd3 Qxe4+ 7. Qe2
Qxe2+ 8. Kxe2 Bd6 9. Re1 Be6 10. h3 Nf6 11. Kf1 Nd7 12. f4 O-O 13. Nc3 Bc4 14.
Re4 Bxd3+ 15. cxd3 Nc5 16. Rd4 Ne6 17. g3 Nxd4 18. Ne4 Rfe8 19. b3 Bb4 20. Bb2
Nb5 21. a3 Bf8 22. Kg2 Rad8 23. a4 Nd6 24. Kf3 Nxe4 25. dxe4 Rxd2 26. Be5 Bd6
27. Bxd6 cxd6 0-1

[Event "AUTO-OPEN-2425"]
[Site "http://www.queenalice.com/game.php?id=1000658"]
[Date "2011.10.23"]
[Round "2"]
[White "Bar7"]
[Black "Meauxchess"]
[Result "0-1"]
[WhiteElo "2066"]
[BlackElo "2378"]

1. d4 e6 2. Nf3 d5 3. Bf4 Bd6 4. Bg3 Nf6 5. e3 O-O 6. Be2 Qe7 7. a3 Bxg3 8. hxg3
c5 9. Ne5 Nc6 10. Nxc6 bxc6 11. Nd2 cxd4 12. exd4 e5 13. Nf3 exd4 14. Nxd4 c5
15. Nf3 Rb8 16. Rb1 Re8 17. Kd2 Ne4+ 18. Ke1 Nc3 0-1

[Event "Challenge"]
[Site "http://www.queenalice.com/game.php?id=1019041"]
[Date "2012.1.29"]
[Round "-"]
[White "pancas"]
[Black "Bar7"]
[Result "0-1"]
[WhiteElo "1928"]
[BlackElo "2074"]

1. e4 e5 2. Nf3 Nc6 3. d4 d6 4. dxe5 Nxe5 5. Nxe5 dxe5 6. Qxd8+ Kxd8 7. Bc4 f6
8. Bd2 Bd7 9. Nc3 Bd6 10. a3 Ne7 11. O-O-O Nc6 12. f3 Ke7 13. Rhf1 Rhd8 14. Nd5+
Ke8 15. Be3 Ne7 16. Nxe7 Kxe7 17. Bd5 c6 18. Bc4 Be6 19. Bd3 Bc7 20. f4 Rd7 21.
fxe5 Bxe5 22. Bf4 Bd6 23. h3 Rad8 24. Be3 b6 25. Bd2 Be5 26. Bf4 Bxf4+ 27. Rxf4
Rd4 28. Rff1 g6 29. Rf2 b5 30. b4 Bc4 31. Rf3 Be6 32. c3 R4d7 33. Rff1 Rxd3 34.
Kc2 Bb3+ 35. Kc1 Rxd1+ 36. Rxd1 Rxd1+ 0-1

[Event "Challenge"]
[Site "http://www.queenalice.com/game.php?id=1019043"]
[Date "2012.1.29"]
[Round "-"]
[White "Bar7"]
[Black "pancas"]
[Result "1-0"]
[WhiteElo "2084"]
[BlackElo "1847"]

1. e4 c5 2. Nf3 d6 3. Nc3 e5 4. d3 Be7 5. Be2 Nf6 6. O-O O-O 7. h3 Nc6 8. Bd2 h6
9. Nh2 Be6 10. Ng4 Nxg4 11. Bxg4 Qd7 12. Bxe6 Qxe6 13. Nb5 Rac8 14. Qg4 Qxg4 15.
hxg4 a6 16. Nc3 Nd4 17. Rac1 b5 18. Rfe1 Bd8 19. Nd5 Ne6 20. f3 Bg5 21. Bxg5
Rfe8 22. Bd2 c4 23. Bb4 Kh7 24. Bxd6 f6 25. Bb4 cxd3 26. cxd3 Nd4 27. Rxc8 Rxc8
28. Bc3 Ne6 29. Rc1 Nd4 30. Kf2 Kh8 31. Bd2 Rd8 32. Be3 Rd6 33. Bxd4 exd4 34.
Ke2 Kh7 35. a3 Kg6 36. Nf4+ Kh7 37. Kd2 Rb6 38. Ne2 Rd6 39. Rc5 Kg8 40. Rd5 Rb6
41. Nxd4 Kf7 42. Rd7+ Kg6 43. f4 a5 44. Nf3 a4 45. Nh4+ Kh7 46. Nf5 b4 47. axb4
Rxb4 48. Kc3 Rb3+ 49. Kc2 Rb6 50. Rxg7+ Kh8 51. Rc7 Ra6 52. Nxh6 Rb6 53. Nf5 Kg8
54. Ne7+ Kf8 55. Nd5 Ra6 56. Rb7 Rc6+ 57. Kd2 Ra6 58. Rb6 1-0

[Event "Bar7"]
[Site "http://www.queenalice.com/game.php?id=1040542"]
[Date "2012.3.19"]
[Round "1"]
[White "luiz_gustavo"]
[Black "Bar7"]
[Result "0-1"]
[WhiteElo "1872"]
[BlackElo "2091"]

1. e4 e5 2. Nf3 Nc6 3. Nc3 Bc5 4. d3 h6 5. a3 d6 6. Be2 Nf6 7. h3 O-O 8. O-O Nd4
9. Nxd4 Bxd4 10. Nb5 Bb6 11. Bf3 Bd7 12. Nc3 Be6 13. Re1 Nh7 14. Be3 Qf6 15.
Bxb6 axb6 16. Nb5 Rfc8 17. c3 Bd7 18. c4 Bxb5 19. cxb5 Ng5 20. Re3 g6 21. Rc1 h5
22. Rc4 Ne6 23. g4 Qh4 24. Qf1 Nd4 25. Qg2 Kh7 26. Bd1 Nxb5 27. Rf3 Rf8 28. g5
Nd4 29. Rf6 Ne6 30. Qg3 Qxg3+ 31. fxg3 b5 32. Rb4 Nd4 33. Bb3 Kg7 34. Ba2 Rad8
35. b3 c5 36. Rxd4 cxd4 37. b4 Rd7 38. Bd5 Rc8 39. Kf2 Rc3 0-1

[Event "Bar7"]
[Site "http://www.queenalice.com/game.php?id=1083911"]
[Date "2012.7.18"]
[Round "2"]
[White "Bar7"]
[Black "Serrote"]
[Result "0-1"]
[WhiteElo "2098"]
[BlackElo "2043"]

1. e4 e6 2. Nc3 d5 3. exd5 exd5 4. d4 c6 5. Nf3 Be7 6. Bd3 Nf6 7. O-O Be6 8. Be3
O-O 9. Qd2 Ng4 10. h3 Nxe3 11. Qxe3 Nd7 12. Ne2 Nf6 13. Ne5 Bd6 14. Ng3 Qe7 15.
Nf5 Bxf5 16. Bxf5 Rfe8 17. Rfe1 Bxe5 18. Qxe5 Qxe5 19. Rxe5 g6 20. Bd3 Nd7 21.
Re2 Rxe2 22. Bxe2 Re8 23. Bd3 Nf6 24. Kf1 Nh5 25. Be2 Nf6 26. Bf3 Kf8 27. Re1 h6
28. g3 Nd7 29. Bg4 Nf6 30. b3 Ne4 31. Bd1 Nd2+ 0-1

[Event "Challenge"]
[Site "http://www.queenalice.com/game.php?id=1101944"]
[Date "2012.9.11"]
[Round "-"]
[White "pancas"]
[Black "Bar7"]
[Result "0-1"]
[WhiteElo "1855"]
[BlackElo "2080"]

1. e4 e5 2. Bc4 Bc5 3. Nf3 d6 4. d4 exd4 5. Nxd4 Nf6 6. Be3 O-O 7. O-O Nxe4 8.
Bd3 Nf6 9. Nf5 Bxf5 10. Bxf5 Bxe3 11. fxe3 Nc6 12. Nc3 Re8 13. Qf3 Ne5 14. Qh3
Ng6 15. Ne2 Qe7 16. Rf3 Ne4 17. Rd1 Ng5 18. Qg3 Nxf3+ 19. Qxf3 Nh4 20. Bxh7+
Kxh7 21. Qh5+ Kg8 22. Ng3 Qxe3+ 23. Kh1 Ng6 24. Nf1 Qe2 25. Qd5 Nf4 26. Qxb7
Qxd1 27. Kg1 Qxc2 28. g3 Ne2+ 29. Kh1 Qe4+ 30. Qxe4 Rxe4 0-1

[Event "Challenge"]
[Site "http://www.queenalice.com/game.php?id=1121354"]
[Date "2012.11.12"]
[Round "-"]
[White "jdimas"]
[Black "Bar7"]
[Result "1-0"]
[WhiteElo "1824"]
[BlackElo "2087"]

1. e3 e5 2. d3 Nc6 3. a4 Nf6 4. h4 d6 5. f3 Be7 6. e4 h6 7. Be3 Nh7 8. Bf2 O-O
9. g4 Nd4 10. c3 Ne6 11. d4 Nf4 12. Ne2 Nxe2 13. Bxe2 exd4 14. Qxd4 Bf6 15. Qd3
1-0

[Event "Challenge"]
[Site "http://www.queenalice.com/game.php?id=1121355"]
[Date "2012.11.12"]
[Round "-"]
[White "Bar7"]
[Black "jdimas"]
[Result "0-1"]
[WhiteElo "2060"]
[BlackElo "1851"]

1. e4 e6 2. Nc3 c5 3. Nf3 a5 4. a3 Nc6 5. Bb5 Na7 6. Qe2 b6 7. d4 Nxb5 8. Nxb5
Ba6 9. a4 cxd4 10. Nfxd4 d5 11. O-O Bc5 12. Rd1 Ne7 13. Bf4 O-O 14. Qf3 f6 15.
Nxe6 Qc8 0-1

[Event "Challenge"]
[Site "http://www.queenalice.com/game.php?id=1161167"]
[Date "2013.3.15"]
[Round "-"]
[White "Bar7"]
[Black "pancas"]
[Result "1-0"]
[WhiteElo "2036"]
[BlackElo "1771"]

1. e4 c5 2. Nc3 d6 3. f4 Nf6 4. Nf3 a6 5. d3 Nc6 6. Be2 e5 7. f5 h6 8. Be3 Be7
9. O-O O-O 10. a3 Ng4 11. Bd2 Nf6 12. h3 Nh7 13. Qe1 Bf6 14. Qg3 Kh8 15. Nd5 Nd4
16. Bd1 b6 17. c3 Nc6 18. Nh2 Ne7 19. Nxf6 Nxf6 20. Ng4 Nxg4 21. hxg4 f6 22. Kf2
d5 23. Bf3 d4 24. c4 Rb8 25. Rh1 Ng8 26. g5 fxg5 27. Bxg5 Qe8 28. Bh5 Rf7 29.
Raf1 Qf8 30. Bxf7 Qxf7 31. Ke1 Qe8 32. f6 Qe6 33. fxg7+ Kh7 34. Bxh6 Nxh6 35.
g8=Q+ Qxg8 36. Rxh6+ Kxh6 37. Rh1+ 1-0

[Event "Amistoso"]
[Site "http://www.queenalice.com/game.php?id=1165646"]
[Date "2013.3.28"]
[Round "-"]
[White "Bar7"]
[Black "luiz_gustavo"]
[Result "1-0"]
[WhiteElo "2041"]
[BlackElo "1821"]

1. e4 e5 2. Nf3 Nc6 3. Nc3 Nf6 4. d3 Bc5 5. Be2 O-O 6. O-O d6 7. Bg5 h6 8. Bh4
Be6 9. Na4 Bb6 10. Nxb6 axb6 11. a3 g5 12. Bg3 Nh5 13. Nxe5 Nxe5 14. Bxh5 f6 15.
Bxe5 dxe5 16. Bg6 Bf7 17. Qh5 Kg7 18. Bxf7 Rxf7 19. h4 Qg8 20. f3 Kh7 21. Kf2
Raf8 22. Rh1 Qg6 23. Qg4 h5 24. Qf5 Qxf5 25. exf5 g4 26. fxg4 hxg4 27. g3 c5 28.
Rae1 Kg7 29. Re4 Rh8 30. Rxg4+ Kf8 31. Rf1 Rh5 32. Ke3 Rg7 33. Rxg7 Kxg7 34. Ke4
Kf7 35. Rh1 Rh8 36. g4 Rd8 37. c3 b5 38. Rd1 Kg7 39. g5 c4 40. d4 exd4 41. Rxd4
Re8+ 42. Kf3 fxg5 43. hxg5 Re5 44. Kf4 Re2 45. Rd7+ Kf8 46. Rxb7 Rxb2 47. Ke5
Ke8 48. g6 1-0

[Event "Amistoso"]
[Site "http://www.queenalice.com/game.php?id=1181095"]
[Date "2013.5.13"]
[Round "-"]
[White "Bar7"]
[Black "pancas"]
[Result "1-0"]
[WhiteElo "2048"]
[BlackElo "1842"]

1. e4 c5 2. Nc3 e5 3. d3 Nc6 4. f4 d6 5. Nf3 Nf6 6. Be2 Be7 7. O-O Bg4 8. h3 Bd7
9. Qe1 O-O 10. f5 Nb4 11. Bd1 Re8 12. Ng5 h6 13. Nf3 Nh7 14. Qg3 Kh8 15. a3 Nc6
16. Nd5 Nd4 17. Nh2 Bg5 18. c3 Nc6 19. Nf3 Bxc1 20. Rxc1 Nf6 21. Bb3 Nh5 22. Qg4
Nf6 23. Qh4 Rf8 24. Nxf6 Qxf6 25. Qxf6 gxf6 26. Nh2 h5 27. Bd1 Na5 28. Bxh5 Nb3
29. Rce1 Bb5 30. Re3 c4 31. Bd1 Nc5 32. dxc4 Bxc4 33. Rff3 Rg8 34. Ng4 Nd7 35.
Ba4 Nc5 36. Bd1 Nd7 37. Be2 Bxe2 38. Rxe2 Rac8 39. Rd2 Rc6 40. Rfd3 Nc5 41. Rxd6
Rxd6 42. Rxd6 Nxe4 43. Rd7 Ng3 44. Nxf6 Rf8 45. Rxb7 Nxf5 46. Rxa7 Kg7 47. Ne4
Rb8 48. b4 Rc8 49. Kf2 Rc4 50. Ng5 Nh6 51. Nf3 Kf6 52. Ra6+ Kg7 53. Nxe5 Rxc3
54. Nf3 Nf5 55. b5 Rb3 56. a4 Rb2+ 57. Kg1 Ne3 58. Nh4 f6 59. Ra5 Nc4 60. Ra7+
Kh6 61. Nf5+ Kg5 62. Nd4 f5 63. a5 Kf4 64. b6 Ne3 65. Rg7 Ke4 66. Nf3 Nc4 67.
Ra7 Kf4 68. b7 Kg3 69. Kf1 Ne3+ 70. Ke1 Nxg2+ 71. Kd1 Kxf3 72. a6 Ne3+ 73. Kc1
Rb5 74. Ra8 Rc5+ 75. Kb1 Rb5+ 76. Ka2 Ra5+ 77. Kb3 Rb5+ 78. Ka4 Rb1 79. b8=Q
Ra1+ 80. Kb5 Rb1+ 81. Kc6 Rxb8 82. Rxb8 f4 83. a7 Kg3 84. a8=Q f3 85. Rg8+ Kf2
86. Qa2+ Kf1 87. Qb1+ Ke2 88. Qb5+ Kd2 89. Rd8+ Ke1 90. Qb4+ Kf1 91. Qd2 Ng2 92.
Qd3+ Kf2 93. Rf8 Nh4 94. Qd4+ Kg3 95. Qf4+ Kxh3 96. Rh8 1-0

[Event "Amistoso"]
[Site "http://www.queenalice.com/game.php?id=1182903"]
[Date "2013.5.20"]
[Round "-"]
[White "Bar7"]
[Black "Serrote"]
[Result "1-0"]
[WhiteElo "2056"]
[BlackElo "2003"]

1. e4 c5 2. Nc3 d6 3. f4 e6 4. Nf3 Nf6 5. d3 Be7 6. Be2 a6 7. O-O O-O 8. Qe1 Nc6
9. Bd1 Re8 10. h3 Qc7 11. Nh2 b5 12. Bf3 Rb8 13. Ne2 Bb7 14. Bd2 Bf8 15. Qg3 Be7
16. Ng4 Nxg4 17. Bxg4 b4 18. Rab1 a5 19. b3 Bf6 20. f5 e5 21. Bh5 Qe7 22. Qe3
Rbd8 23. Qf2 Rf8 24. Bf3 Bg5 25. Rbd1 Bxd2 26. Rxd2 Nb8 27. g4 Nd7 28. Qh2 h6
29. Kh1 Nf6 30. Ng3 Rfe8 31. h4 Nh7 32. Rdf2 f6 33. Be2 d5 34. exd5 Bxd5+ 35.
Ne4 Rf8 36. Bf3 Rd7 37. Qg2 Bxe4 38. Bxe4 Qd8 39. Bc6 Rd6 40. Bb5 Qe7 41. Bc4+
Kh8 42. Bd5 Rfd8 43. Be4 Kg8 44. Rc1 R6d7 45. Qg1 Rc8 46. Qg2 Rcd8 47. c4 Rc7
48. Ra1 Ra7 49. a3 Rc8 50. Rfa2 Qd8 51. Qg1 Qc7 52. axb4 cxb4 53. Ra4 Qc5 54.
Qxc5 Rxc5 55. Rxb4 Rc8 56. Rb5 a4 57. Rxa4 Rac7 58. b4 Nf8 59. Rb7 Rxb7 60. Bxb7
Rd8 61. Bd5+ Kh7 62. Kg2 Nd7 63. Ra8 Rxa8 64. Bxa8 Kg8 65. Kf3 Kf8 66. Ke4 Ke7
67. d4 exd4 68. Kxd4 Ne5 69. g5 hxg5 70. hxg5 Nf7 71. gxf6+ gxf6 72. c5 Kd7 73.
b5 Ne5 74. b6 1-0

[Event "Challenge"]
[Site "http://www.queenalice.com/game.php?id=1218999"]
[Date "2013.9.22"]
[Round "-"]
[White "Bar7"]
[Black "luiz_gustavo"]
[Result "1-0"]
[WhiteElo "2070"]
[BlackElo "1803"]

1. e4 e5 2. Nf3 Nc6 3. Nc3 Nf6 4. Bc4 h6 5. d3 Bb4 6. Bd2 d6 7. a3 Ba5 8. h3 O-O
9. O-O Re8 10. Nd5 Bxd2 11. Qxd2 Be6 12. Nxf6+ gxf6 13. Qxh6 Bxc4 14. dxc4 Re6
15. Qh5 Qf8 16. Nh4 Nd4 17. Nf5 Nxf5 18. exf5 Re7 19. Rae1 Qg7 20. Re4 Qg5 21.
Rg4 1-0